[Event "Klatovy op-B"]
[Site "Klatovy"]
[Date "1997.??.??"]
[Round "?"]
[White "Feierfeil, Jiri"]
[Black "Hobl, Stanislav"]
[Result "1/2-1/2"]
[WhiteElo "1830"]
[BlackElo "1750"]
[PlyCount "151"]
[EventDate "1997.??.??"]
[EventType "swiss"]
[EventRounds "9"]
[EventCountry "CZE"]
[SourceTitle "EXT 1998"]
[Source "ChessBase"]
[SourceDate "1997.11.17"]
[SourceVersion "1"]
[SourceVersionDate "1997.11.17"]
[SourceQuality "1"]

1. d4 Nf6 2. c4 g6 3. Nc3 d5 4. cxd5 Nxd5 5. e4 Nxc3 6. bxc3 c5 7. Bc4 Bg7 8. Be3 0-0 9. Ne2 cxd4 10. cxd4 Nc6 11. 0-0 a6 12. Rc1 Bd7 13. d5 Na5 14. Bd3 b5 15. Qd2 Rc8 16. Rxc8 Bxc8 17. Rc1 e5 18. Bc5 Re8 19. Qe3 Nb7 20. Bb6 Qh4 21. Qd2 Nd6 22. f3 f5 23. Be3 fxe4 24. Bg5 Bh6 25. Bxh6 exd3 26. Bg5 Nc4 27. Bxh4 Nxd2 28. Ng3 Nc4 29. Ne4 Bf5 30. Rd1 Bxe4 31. fxe4 d2 32. Bg5 Nd6 33. Bxd2 Nxe4 34. Bb4 Rd8 35. Re1 Nd6 36. Kf2 Nc4 37. Rd1 Kf7 38. Kf3 Kf6 39. Ke4 g5 40. Rf1+ Kg6 41. g4 Rd7 42. Bc3 Re7 43. Rf8 a5 44. a3 Nd6+ 45. Kd3 Nc4 46. Rb8 e4+ 47. Ke2 Nxa3 48. Bxa5 Rd7 49. Rb6+ Kf7 50. Bb4 Nc2 51. Bd6 b4 52. Kd2 b3 53. Kc3 Ne3 54. Kd4 Nxg4 55. Kxe4 Nf6+ 56. Ke5 Ng4+ 57. Kd4 b2 58. Kc5 Nf6 59. Kc6 Rd8 60. Rxb2 Rc8+ 61. Kb7 Rc4 62. Rb5 h5 63. Be5 Nd7 64. Bc7 h4 65. Kc8 Rc5 66. Rxc5 Nxc5 67. Bd8 Kg6 68. Kc7 Ne4 69. Kd7 Kf5 70. Bc7 g4 71. Ke7 g3 72. hxg3 h3 73. g4+ Kxg4 74. Bh2 Kf3 75. d6 Nxd6 76. Bxd6 1/2-1/2

[Event "Klatovy op-B"]
[Site "Klatovy"]
[Date "1997.??.??"]
[Round "?"]
[White "Hobl, Stanislav"]
[Black "Calda, R."]
[Result "1/2-1/2"]
[WhiteElo "1750"]
[BlackElo "1895"]
[PlyCount "72"]
[EventDate "1997.??.??"]
[EventType "swiss"]
[EventRounds "9"]
[EventCountry "CZE"]
[SourceTitle "EXT 1998"]
[Source "ChessBase"]
[SourceDate "1997.11.17"]
[SourceVersion "1"]
[SourceVersionDate "1997.11.17"]
[SourceQuality "1"]

1. e4 e5 2. Nf3 Nc6 3. d4 exd4 4. Nxd4 Bc5 5. c3 Nf6 6. f3 0-0 7. Be3 Ne5 8. Nd2 d5 9. N2b3 Bb6 10. exd5 Nxd5 11. Bf2 Re8 12. Be2 Nf4 13. 0-0 Qg5 14. Bg3 c5 15. Nb5 Bf5 16. Bxf4 Qxf4 17. Qd2 Qxd2 18. Nxd2 Nd3 19. Ne4 c4+ 20. Nd4 Bxe4 21. fxe4 Rxe4 22. Bf3 Re7 23. Rab1 Rd8 24. b3 cxb3 25. Rxb3 g6 26. Rd1 Ne5 27. Kf2 Nc4 28. a4 Na5 29. Rb5 Nc6 30. Rxb6 Nxd4 31. Rxb7 Rxb7 32. Bxb7 Rb8 33. Rxd4 Rxb7 34. Ke3 Kf8 35. g3 Ke7 36. h4 h5 1/2-1/2

[Event "Klatovy op-B"]
[Site "Klatovy"]
[Date "1997.??.??"]
[Round "?"]
[White "Hobl, Stanislav"]
[Black "Markova, Katerina"]
[Result "1-0"]
[WhiteElo "1750"]
[BlackElo "1615"]
[PlyCount "85"]
[EventDate "1997.??.??"]
[EventType "swiss"]
[EventRounds "9"]
[EventCountry "CZE"]
[SourceTitle "EXT 1998"]
[Source "ChessBase"]
[SourceDate "1997.11.17"]
[SourceVersion "1"]
[SourceVersionDate "1997.11.17"]
[SourceQuality "1"]

1. e4 c5 2. Nf3 e6 3. d4 cxd4 4. Nxd4 Qb6 5. Nb3 Qc7 6. Nc3 Nf6 7. Bd3 a6 8. 0-0 Be7 9. Be3 Nc6 10. a3 b5 11. f4 d6 12. Qe2 0-0 13. Nd4 Nxd4 14. Bxd4 e5 15. Be3 Bb7 16. fxe5 dxe5 17. Bg5 Rad8 18. Bxf6 Bxf6 19. Qg4 Rd6 20. Kh1 Be7 21. Qe2 Rh6 22. h3 Bc5 23. Nd1 f5 24. Nf2 Qc6 25. c4 b4 26. axb4 Bxb4 27. Rac1 Bc5 28. Rb1 Bxf2 29. Qxf2 Qd6 30. Qc2 f4 31. c5 Qd7 32. Rbd1 Qc8 33. Bc4+ Kh8 34. Bd5 f3 35. Kh2 Bxd5 36. exd5 fxg2 37. Qxg2 Qxc5 38. Rxf8+ Qxf8 39. d6 Qd8 40. d7 g5 41. Qd5 e4 42. Qe5+ Rf6 43. Qxf6+ 1-0